Rihanna - Toutes les chansons - Statistiques

Statistiques générales
  • Ce quiz a été pris 477 fois
    185 depuis la dernière actualisation
  • Le résultat moyen est 37 sur 129
Statistiques - réponses
Hint Réponse % Correct
Good Girl Gone Bad 1 Umbrella
92%
Anti 4 Work (feat. Drake)
82%
Unapologetic 2 Diamonds
81%
Unapologetic 16 Diamonds (Dave Audé 100 Extended)
81%
Unapologetic 17 Diamonds (Gregor Salto Downtempo Remix)
81%
Loud 5 Only Girl (In the World)
70%
Loud 13 Only girl (In the world) RMX (Bonus track)
70%
Loud 1 S&M
69%
Unapologetic 9 Stay (feat. Mikky Ekko)
64%
Good Girl Gone Bad 3 Don't Stop the Music
63%
Music Of The Sun 1 Pon de Replay
63%
A Girl Like Me 14 Pon de Replay (Full Phatt Remix)
63%
Loud 7 Man Down
62%
Talk That Talk 2 Where Have You Been
62%
Rated R 8 Rude Boy
61%
Talk That Talk 3 We Found Love (ft. Calvin Harris)
61%
Loud 2 What's My Name? (feat. Drake)
57%
Good Girl Gone Bad 13 Disturbia
54%
Anti 11 Love on the Brain
54%
Rated R 6 Russian Roulette
53%
Singles 2015 Bitch Better Have My Money
50%
Anti 7 Needed Me
49%
A Girl Like Me 1 SOS
47%
Talk That Talk 4 Talk That Talk (feat. Jay-Z)
47%
Good Girl Gone Bad 4 Breakin' Dishes
46%
Singles 2022 Lift Me Up
42%
Loud 11 Love the Way You Lie (Part II) (feat. Eminem)
42%
Anti 16 Sex With Me
42%
A Girl Like Me 3 Unfaithful
42%
Anti 3 Kiss It Better
41%
Anti 6 Woo
40%
Anti 5 Desperado
39%
Loud 6 California King Bed
37%
Rated R 11 Te Amo
36%
Unapologetic 4 Pour It Up
35%
Good Girl Gone Bad 5 Shut Up and Drive
34%
Good Girl Gone Bad 12 Good Girl Gone Bad
33%
Unapologetic 5 Loveeeeeee Song (feat. Future)
33%
Collaborations 2013 Monster de Eminem
33%
Collaborations 2016 This Is What You Came For de Calvin Harris & Taylor Swift
33%
Talk That Talk 1 You da One
32%
Good Girl Gone Bad 14 Take a Bow
30%
Anti 1 Consideration (feat. SZA)
29%
Good Girl Gone Bad 10 Rehab
29%
Loud 10 Skin
29%
Talk That Talk 6 Birthday Cake
28%
Singles 2015 FourFiveSeconds (feat. Kanye West & Paul McCartney)
28%
Music Of The Sun 3 If It's Lovin' that You Want
27%
A Girl Like Me 13 If It's Lovin' That You Want (Part II) (feat. Cory Gunz)
27%
Anti 2 James Joint
26%
Unapologetic 6 Jump
26%
Unapologetic 8 What Now
26%
Anti 12 Higher
25%
Music Of The Sun 8 Music of the Sun
25%
Unapologetic 10 Nobody's Business (feat. Chris Brown)
25%
Loud 3 Cheers (Drink to That)
24%
Loud 4 Fading
24%
Unapologetic 7 Right Now (feat. David Guetta)
24%
Loud 12 Who's that chick (Doritos Night)
24%
A Girl Like Me 11 A Girl Like Me
23%
Singles 2015 American Oxygen
23%
Loud 9 Complicated
23%
Good Girl Gone Bad 6 Hate That I Love You
23%
Rated R 4 Stupid In love
23%
Anti 9 Same Ol' Mistakes
22%
Anti 13 Close To You
21%
Loud 8 Raining Men (feat. Nicki Minaj)
21%
Unapologetic 14 Lost in Paradise
20%
Rated R 9 Photographs (feat. Will.i.am)
20%
Anti 15 Pose
20%
Rated R 2 Wait Your Turn
20%
A Girl Like Me 4 We Ride
20%
Anti 14 Goodnight Gotham
19%
Rated R 3 Hard (feat. Young Jeezy)
19%
Unapologetic 3 Numb (feat. Eminem)
19%
Talk That Talk 9 Roc Me Out
19%
Talk That Talk 8 Drunk on Love
18%
Unapologetic 11 Love Without Tragedy / Mother Mary
18%
Unapologetic 13 No Love Allowed
18%
Good Girl Gone Bad 11 Question Existing
18%
Rated R 5 Rockstar 101 (feat. Slash)
18%
Talk That Talk 5 Cockiness (Love It)
17%
Rated R 12 Cold Case Love
17%
Rated R 7 Fire Bomb
17%
Singles 2025 Friend Of Mine pour "Les Schtroumpfs, le film"
17%
Anti 10 Never Ending
17%
Unapologetic 1 Phresh Out The Runway
17%
Good Girl Gone Bad 2 Push Up On Me
17%
Anti 8 Yeah, I Said It
17%
Talk That Talk 11 Farewell
16%
Rated R 10 G4L
16%
Rated R 1 Mad House
16%
Rated R 13 The Last Song
16%
A Girl Like Me 7 Break It Off (feat. Sean Paul)
15%
Unapologetic 15 Half of Me
15%
Collaborations 2017 Lemon de N.E.R.D
15%
Good Girl Gone Bad 7 Say It
15%
Good Girl Gone Bad 8 Sell Me Candy
15%
Unapologetic 12 Get It Over With
14%
Music Of The Sun 2 Here I Go Again (feat. J-Status)
14%
A Girl Like Me 2 Kisses Don't Lie
14%
Talk That Talk 10 Watch n' Learn
14%
Talk That Talk 14 Fool in Love
13%
Music Of The Sun 9 Let Me
13%
Talk That Talk 12 Red Lipstick
13%
Talk That Talk 7 We All Want Love
13%
A Girl Like Me 12 A Million Miles Away
12%
Talk That Talk 13 Do Ya Thang
12%
A Girl Like Me 6 Final Goodbye
12%
Good Girl Gone Bad 9 Lemme Get That
12%
Music Of The Sun 10 Rush (feat. Kardinal Offishall)
12%
Singles 2016 Sledgehammer
12%
Music Of The Sun 5 That La, La, La
12%
Music Of The Sun 6 The Last Time
12%
Music Of The Sun 11 There's a Thug in My Life (feat. J-Status)
12%
Music Of The Sun 7 Willing to Wait
12%
Good Girl Gone Bad 15 If I Never See Your Face Again
11%
Music Of The Sun 12 Now I Know
11%
A Girl Like Me 8 Crazy Little Thing Called Love (feat. J-Status)
10%
A Girl Like Me 5 Dem Haters (feat. Dwane Husbands)
10%
A Girl Like Me 9 Selfish Girl
10%
Collaborations 2020 BELIEVE IT de PARTYNEXTDOOR
9%
Good Girl Gone Bad Japan Edition 13 Cry
9%
Music Of The Sun 4 You Don't Love Me (No, No, No) (feat. Vybz Kartel)
9%
Good Girl Gone Bad Japan Edition 14 Haunted
8%
A Girl Like Me 10 P.S (I'm Still Not Over You)
8%
Singles 2010 Redemption Son
6%
Collaborations 2012 Princess of Chine de Coldplay
2%
Loud 14 Stick up (The saturday night live song)
2%
Aucun quiz correspondant
Distribution des résultats
% des personnes avec chaque résultat
Percentile par nombre de réponses
Votre historique - résultats
Vous n’avez pas pris ce quiz depuis la dernière actualisation